00488nam a2200085Ia 4500008004100000245018700041260000900228300014400237650002100381180130s9999 xx 000 0 und d cBroberg, Oskar; Axelsson, Ann-Sofie; Sjoblom, GustavaEntrepreneurial exploitation of creative destruction and the ambiguity of knowledge in the emerging field of digital advertising c2013 aBook title: How entrepreneurs do what they do : case studies in knowledge intensive entrepreneurship--Acession number C17365; pages 105-118 aENTREPRENEURSHIP